000 00673cam a2200241 a 4500
008
020 _a0890044457 (hbk.)
049 _aMAIN
090 _aRB131
_bPAT
245 0 0 _aPathology of granulomas /
_ceditor, Harry L. Ioachim.
260 _aNew York :
_bRaven Press,
_cc1983.
300 _ax, 541 p. :
_bill. ;
_c26 cm.
500 _aIncludes index.
504 _aIncludes bibliographies.
650 0 _aGranuloma.
650 2 _aGranuloma
_xPathology.
700 1 _aIoachim, Harry L.
907 _a.b10334294
_b18-07-13
_c18-07-13
003
005 20230120204131.0
040 _cNUST
942 _cBOOKS
_kRB131
_mPAT
999 _c117751
_d117751